MARC

LEADER 00000nam0a2200000 4500
001 374569
005 20231102012649.0
020 |a RU  |b 86-57523 
035 |a (RuTPU)RU\TPU\retro\32003 
035 |a RU\TPU\book\303958 
090 |a 374569 
100 |a 20221219d1986 k y0rusy5003 ca 
101 0 |a rus 
102 |a UA 
105 |a a z 001zy 
200 1 |a Метаморфогенное рудообразование в докембрии. Закономерности размещения и поисковые критерии метаморфогенных месторождений  |f Академия наук Украинской ССР (АН УССР), Институт геохимии и физики минералов ; отв. ред. Я. Н. Белевцев , Ю. М. Епатко 
210 |a Киев  |c Наукова думка  |d 1986 
215 |a 187 с.  |c ил. 
320 |a Библиогр.: с. 179-185 (219 назв.) 
606 1 |a Рудообразование  |x Связь с метаморфическими породами  |2 stltpush  |3 (RuTPU)RU\TPU\subj\26044  |9 50060 
610 1 |a метаморфогенные месторождения 
610 1 |a докембрийские отложения 
610 1 |a метаморфизм 
610 1 |a поисковые критерии 
610 1 |a щиты 
610 1 |a геологическое развитие 
610 1 |a металлогения 
610 1 |a образование 
610 1 |a размещение 
610 1 |a гранито-гнейсовые купола 
610 1 |a стабильные изотопы 
610 1 |a железорудные месторождения 
610 1 |a поиск 
610 1 |a медно-никелевые месторождения 
610 1 |a золоторудные месторождения 
610 1 |a свинцово-цинковые месторождения 
675 |a 553.2.06  |z rus  |v 4 
702 1 |a Белевцев  |b Я. Н.  |g Яков Николаевичвич  |4 340 
702 1 |a Епатко  |b Ю. М.  |g Юрий Михайлович  |4 340 
712 0 2 |a Академия наук Украинской ССР (АН УССР)  |b Институт геохимии и физики минералов  |2 stltpush  |3 (RuTPU)RU\TPU\col\13747 
801 0 |a RU  |b RuMRKP  |c 19960705  |g psbo 
801 1 |a RU  |b 63413507  |c 20150112 
801 2 |a RU  |b 63413507  |c 20221219  |g RCR 
942 |c BK